000 00986nam a2200289 a 4500
001 37555
003 BD-RjUL
005 20211209052624.0
008 150125s2004 ii a b 001 0 eng
020 _a8179100804
035 _a(DLC) 2004312195
_a(BD-RjUL)37659
040 _aDLC
_cDLC
_beng
_dBD-RjUL
041 _aeng
082 _222
_a633.880954
_bMED 2004
245 0 0 _aMedicinal plants :
_bconservation and utilisation /
_ceditor, Pravin Chandra Trivedi.
260 _aJaipur :
_bAvishkar Publishers, Distributors,
_c2004.
300 _axv, 431 p. :
_bill. ;
_c25 cm.
504 _aIncludes bibliographical references and index.
520 _aWith reference to India; contributed articles.
650 0 _aMedicinal plants
_zIndia.
_9115017
650 0 _aMateria medica, Vegetable
_zIndia.
_9115347
650 0 _aPlant conservation
_zIndia.
_9115348
700 1 _aTrivedi, Pravin Chandra.
_9115349
942 _2ddc
_cBK
999 _c37555
_d37555